[Event "World Corporate West B"]
[Site "Chess.com INT"]
[Date "2021.02.21"]
[Round "6.3"]
[White "Alfimov, Igor"]
[Black "Chek, Adrian Carl"]
[Result "1-0"]
[WhiteElo "2027"]
[BlackElo "1927"]
[PlyCount "73"]
[EventDate "2021.02.20"]
[EventType "team (rapid)"]
[EventRounds "7"]
[EventCountry "USA"]
[SourceTitle "CBM 200 Extra"]
[Source "ChessBase"]
[SourceDate "2021.03.31"]
[SourceVersion "1"]
[SourceVersionDate "2021.03.31"]
[SourceQuality "1"]
[WhiteTeam "Deloitte New York"]
[BlackTeam "Allens"]
[WhiteTeamCountry "USA"]
[BlackTeamCountry "AUS"]

1. d4 d5 2. c4 e6 3. Nc3 c5 4. Nf3 Nc6 5. cxd5 exd5 6. Bg5 Be7 7. Bxe7 Ngxe7 8. e3 c4 9. Be2 0-0 10. 0-0 Bg4 11. h3 Bf5 12. Ne5 a6 13. Bf3 Be6 14. a4 b6 15. e4 Nxe5 16. exd5 Nxf3+ 17. Qxf3 Nxd5 18. Rfe1 b5 19. axb5 Nxc3 20. bxc3 axb5 21. Rab1 Qd7 22. Re5 Rfb8 23. Rexb5 Rc8 24. d5 Bf5 25. Rb7 Rc7 26. Rxc7 Qxc7 27. Qxf5 g6 28. Qf6 Rd8 29. Re1 Rf8 30. d6 Qd7 31. Re7 Qc6 32. Qd4 Rd8 33. d7 h5 34. Qe5 Kf8 35. Re8+ Rxe8 36. Qxe8+ Kg7 37. d8Q 1-0

[Event "World Corporate West B"]
[Site "Chess.com INT"]
[Date "2021.02.20"]
[Round "2.4"]
[White "Chek, Adrian Carl"]
[Black "Sihite, Chelsie Monica"]
[Result "0-1"]
[WhiteElo "1927"]
[BlackElo "2252"]
[PlyCount "106"]
[EventDate "2021.02.20"]
[EventType "team (rapid)"]
[EventRounds "7"]
[EventCountry "USA"]
[SourceTitle "CBM 200 Extra"]
[Source "ChessBase"]
[SourceDate "2021.03.31"]
[SourceVersion "1"]
[SourceVersionDate "2021.03.31"]
[SourceQuality "1"]
[WhiteTeam "Allens"]
[BlackTeam "PT Pelabuhan Tanjung Priok"]
[WhiteTeamCountry "AUS"]
[BlackTeamCountry "INA"]

1. c4 Nf6 2. g3 g6 3. Bg2 Bg7 4. Nc3 0-0 5. d3 c6 6. e4 d6 7. Nge2 Na6 8. 0-0 Nc7 9. Be3 d5 10. e5 Ng4 11. cxd5 Nxd5 12. Nxd5 cxd5 13. d4 Nxe3 14. fxe3 e6 15. Rc1 Bd7 16. Qd3 Qb6 17. Rc2 Rac8 18. Rfc1 Rxc2 19. Rxc2 Rc8 20. Rxc8+ Bxc8 21. Qc3 Bd7 22. h4 Bf8 23. a3 Qd8 24. Nf4 Qc8 25. Qxc8 Bxc8 26. e4 dxe4 27. Bxe4 b6 28. Kf2 Be7 29. Ke3 a5 30. Bc6 Ba6 31. Kd2 Kg7 32. Kc3 h6 33. d5 exd5 34. Nxd5 Bc5 35. g4 Bf2 36. h5 Be2 37. hxg6 Bxg4 38. gxf7 Kxf7 39. Nf4 Bg3 40. Nd3 Ke6 41. Kd4 Bf5 42. Bd5+ Ke7 43. b4 axb4 44. Nxb4 Bf2+ 45. Kc4 h5 46. Nc6+ Ke8 47. e6 h4 48. Kc3 h3 49. Kd2 h2 50. Ke2 Bxe6 51. Bf3 Bg4 52. Kxf2 Bxf3 53. Kxf3 h1Q+ 0-1

[Event "AUS-ch Major"]
[Site "Cammeray"]
[Date "2018.01.08"]
[Round "7"]
[White "Chek, Adrian Carl"]
[Black "Lilly, Richard"]
[Result "1-0"]
[WhiteElo "1972"]
[BlackElo "1698"]
[PlyCount "117"]
[EventDate "2018.01.02"]
[EventType "swiss"]
[EventRounds "11"]
[EventCountry "AUS"]
[SourceTitle "CBM 182 Extra"]
[Source "ChessBase"]
[SourceDate "2018.02.23"]
[SourceVersion "1"]
[SourceVersionDate "2018.02.23"]
[SourceQuality "1"]

1. e4 e6 2. d4 d5 3. exd5 exd5 4. c4 c6 5. Nc3 Nf6 6. Bd3 Be7 7. Nge2 0-0 8. 0-0 dxc4 9. Bxc4 Nbd7 10. Re1 Nb6 11. Bb3 Bf5 12. Ng3 Bg6 13. f4 h6 14. f5 Bh7 15. Be3 Qc7 16. Rc1 Rae8 17. Qf3 Qd8 18. Nce4 Nbd5 19. Bf2 Nxe4 20. Nxe4 Nf6 21. Nc5 Qc8 22. g4 Bd6 23. a3 Qb8 24. h4 Bf4 25. Rcd1 g6 26. Nd3 Bh2+ 27. Kh1 Rxe1+ 28. Rxe1 gxf5 29. gxf5 h5 30. Ne5 Bxe5 31. dxe5 Ng4 32. Bg3 Qd8 33. e6 fxe6 34. Bxe6+ Kh8 35. Rd1 Qf6 36. Rf1 Bg8 37. Bxg8 Rxg8 38. Be1 Kh7 39. Qb3 b6 40. Bg3 Re8 41. Qd3 c5 42. Qd2 Rd8 43. Qg5 Qxg5 44. hxg5 Ne3 45. g6+ Kg8 46. Rf3 Rd1+ 47. Kh2 Nf1+ 48. Kh3 Nxg3 49. Kxg3 Rh1 50. Rf4 b5 51. Rh4 Rb1 52. Rxh5 Rxb2 53. f6 Rb3+ 54. Kf4 Rb1 55. Rxc5 Rf1+ 56. Ke5 Re1+ 57. Kd4 Rd1+ 58. Ke3 Rd6 59. Rc8+ 1-0

[Event "Oceania zt"]
[Site "Cammeray"]
[Date "2015.07.08"]
[Round "7"]
[White "Chek, Adrian Carl"]
[Black "Wilson, Mark L"]
[Result "1-0"]
[WhiteElo "2050"]
[BlackElo "1765"]
[PlyCount "113"]
[EventDate "2015.07.04"]
[EventType "swiss"]
[EventRounds "9"]
[EventCountry "AUS"]
[SourceTitle "EXT 2017"]
[Source "ChessBase"]
[SourceDate "2016.10.25"]
[SourceVersion "1"]
[SourceVersionDate "2016.10.25"]
[SourceQuality "1"]

1. e4 d5 2. exd5 Nf6 3. d4 c6 4. Nf3 Bg4 5. Be2 cxd5 6. 0-0 Nc6 7. h3 Bxf3 8. Bxf3 e6 9. Bg5 Be7 10. c3 0-0 11. Re1 Qc7 12. Qd3 Rac8 13. Nd2 Na5 14. Rac1 b6 15. g3 Rfd8 16. Bd1 Nc4 17. Rb1 Nd6 18. Bc2 g6 19. Qf3 Nde8 20. Qe3 Rd7 21. Nf3 Bd6 22. Ne5 Bxe5 23. dxe5 Nh5 24. Ba4 Nhg7 25. g4 Qb7 26. Bxd7 Qxd7 27. Rbd1 h5 28. Rd4 Qb5 29. Qd2 Qa6 30. b3 b5 31. a4 Kh7 32. axb5 Qxb5 33. Rb4 Qc6 34. Rc1 Nc7 35. Ra4 a6 36. c4 Qb7 37. Rb4 Qa8 38. c5 Nb5 39. Be3 Rc6 40. Ra1 Qc8 41. Rba4 Nc7 42. b4 hxg4 43. hxg4 Nge8 44. Kg2 f5 45. Rh1+ Kg8 46. Rh6 Kf7 47. Ra1 d4 48. Bxd4 Qd8 49. Rd1 Nd5 50. Rdh1 f4 51. Qd3 Qg5 52. f3 Nxb4 53. Qb3 Nd5 54. Rh7+ Ng7 55. Rh8 Rxc5 56. Bxc5 Qxe5 57. Rf8# 1-0

[Event "Oceania zt"]
[Site "Cammeray"]
[Date "2015.07.07"]
[Round "5"]
[White "Chek, Adrian Carl"]
[Black "Press, Harry"]
[Result "0-1"]
[WhiteElo "2050"]
[BlackElo "1889"]
[PlyCount "100"]
[EventDate "2015.07.04"]
[EventType "swiss"]
[EventRounds "9"]
[EventCountry "AUS"]
[SourceTitle "CBM 167 Extra"]
[Source "ChessBase"]
[SourceDate "2015.09.14"]
[SourceVersion "1"]
[SourceVersionDate "2015.09.14"]
[SourceQuality "1"]

1. d4 Nf6 2. c4 e6 3. Nc3 Bb4 4. e3 c5 5. Bd3 Nc6 6. a3 Bxc3+ 7. bxc3 d6 8. Ne2 0-0 9. 0-0 b6 10. Ng3 Ba6 11. f4 Na5 12. e4 Bxc4 13. Bxc4 Nxc4 14. Qd3 b5 15. a4 a6 16. axb5 axb5 17. Rxa8 Qxa8 18. e5 Nd7 19. Nh5 f5 20. exf6 Nxf6 21. Nxf6+ Rxf6 22. dxc5 Qa7 23. h3 Qxc5+ 24. Kh1 Qf5 25. Qf3 d5 26. Re1 Qg6 27. Kh2 Qf7 28. Qd3 h6 29. Re2 Qc7 30. Ra2 Qd6 31. Kh1 e5 32. fxe5 Qxe5 33. Ra8+ Rf8 34. Rxf8+ Kxf8 35. Qf3+ Ke7 36. Bf4 Qe1+ 37. Kh2 g5 38. Bg3 Qe4 39. Qf2 Ne3 40. Bb8 h5 41. Ba7 Qf4+ 42. Qxf4 gxf4 43. Bxe3 fxe3 44. Kg3 d4 45. Kf3 dxc3 46. Kxe3 b4 47. g4 hxg4 48. hxg4 c2 49. Kd2 b3 50. g5 Kf7 0-1

[Event "Oceania zt"]
[Site "Cammeray"]
[Date "2015.07.06"]
[Round "4"]
[White "Slater Jones, Tom"]
[Black "Chek, Adrian Carl"]
[Result "1-0"]
[WhiteElo "1764"]
[BlackElo "2050"]
[PlyCount "111"]
[EventDate "2015.07.04"]
[EventType "swiss"]
[EventRounds "9"]
[EventCountry "AUS"]
[SourceTitle "CBM 167 Extra"]
[Source "ChessBase"]
[SourceDate "2015.09.14"]
[SourceVersion "1"]
[SourceVersionDate "2015.09.14"]
[SourceQuality "1"]

1. d4 d5 2. c4 e6 3. Nc3 c5 4. cxd5 exd5 5. Nf3 Nc6 6. g3 Nf6 7. Bg2 Be7 8. 0-0 0-0 9. dxc5 d4 10. Na4 Bf5 11. Nd2 Nb4 12. b3 Bc2 13. Qe1 Bg6 14. Qd1 Nc2 15. Rb1 Rc8 16. Bxb7 Rc7 17. c6 Nb4 18. Rb2 Nxc6 19. Bxc6 Rxc6 20. Nc4 Ne4 21. Ne5 Rd6 22. Nxg6 Rxg6 23. Bf4 Ng5 24. Bxg5 Bxg5 25. Qd3 Qd7 26. Rc2 Rh6 27. Qf3 Rf6 28. Nc5 Qh3 29. Qg2 Qf5 30. Nd3 Re6 31. f4 Bd8 32. Rc5 Qe4 33. Qxe4 Rxe4 34. Re5 Re8 35. Rxe8+ Rxe8 36. Kf2 Bb6 37. Rc1 g6 38. b4 Kf8 39. a4 a5 40. Rc6 Rb8 41. b5 Ke7 42. Ke1 h5 43. Kd2 Ke8 44. Ne5 Bd8 45. Kd3 h4 46. Kxd4 hxg3 47. hxg3 g5 48. Kd5 gxf4 49. gxf4 Bb6 50. Rh6 Rd8+ 51. Kc6 Be3 52. Rh8+ Ke7 53. Rxd8 Kxd8 54. Nxf7+ Ke7 55. Ne5 Ke6 56. Nd3 1-0

[Event "Oceania zt"]
[Site "Cammeray"]
[Date "2015.07.04"]
[Round "1"]
[White "Chek, Adrian Carl"]
[Black "Vowles, Justin"]
[Result "1-0"]
[WhiteElo "2050"]
[BlackElo "1784"]
[PlyCount "144"]
[EventDate "2015.07.04"]
[EventType "swiss"]
[EventRounds "9"]
[EventCountry "AUS"]
[SourceTitle "CBM 167 Extra"]
[Source "ChessBase"]
[SourceDate "2015.09.14"]
[SourceVersion "1"]
[SourceVersionDate "2015.09.14"]
[SourceQuality "1"]

1. c4 e5 2. g3 Nf6 3. Bg2 Nc6 4. Nc3 Be7 5. Nf3 d6 6. 0-0 Be6 7. b3 Qd7 8. d4 exd4 9. Nxd4 0-0 10. Nxe6 fxe6 11. Bb2 Rae8 12. Qd2 Nd8 13. Rad1 c6 14. e4 Qc7 15. Bh3 a6 16. Rc1 Kh8 17. Kh1 e5 18. f3 Nf7 19. Nd1 Nh5 20. Qe2 Ng5 21. Bg2 Ne6 22. Ne3 g6 23. Rcd1 Bf6 24. Ng4 Bg7 25. Rd2 Nd4 26. Qd1 Qe7 27. Bxd4 exd4 28. f4 Nf6 29. Nf2 Nd7 30. Nd3 c5 31. Re2 b6 32. a3 Qd8 33. Ree1 Qe7 34. Qc2 Qd8 35. Re2 Rf7 36. Rb1 Rfe7 37. b4 Nf6 38. Nf2 Nd7 39. bxc5 bxc5 40. Rb3 Qc7 41. Qb1 Rb8 42. Reb2 Rxb3 43. Rxb3 Nf6 44. Rb6 Ne8 45. Rxa6 h6 46. h4 Qd7 47. Rb6 Qa7 48. Rb3 Qa5 49. Qd1 Kh7 50. Kh2 Qa6 51. Qd3 Qa5 52. Qe2 Qa4 53. Qd3 Qa5 54. Bf3 Ra7 55. h5 Qe1 56. hxg6+ Kg8 57. Kg2 Bf8 58. Ng4 h5 59. Nf2 Nf6 60. Rb1 Qc3 61. Rb3 Qe1 62. Nh3 Ng4 63. Bxg4 hxg4 64. Nf2 Rg7 65. f5 Re7 66. Rb1 Qc3 67. Rb3 Qe1 68. Nxg4 Kh8 69. Nf2 Re8 70. Qf3 Bg7 71. Rb7 d3 72. Qh5+ Kg8 1-0

[Event "Australian op"]
[Site "Cammeray"]
[Date "2013.01.13"]
[Round "11"]
[White "Puccini, Jack"]
[Black "Chek, Adrian Carl"]
[Result "1-0"]
[WhiteElo "1819"]
[BlackElo "2081"]
[PlyCount "53"]
[EventDate "2013.01.02"]
[EventType "swiss"]
[EventRounds "11"]
[EventCountry "AUS"]
[SourceTitle "CBM 152 Extra"]
[Source "ChessBase"]
[SourceDate "2013.02.25"]
[SourceVersion "1"]
[SourceVersionDate "2013.02.25"]
[SourceQuality "1"]

1. e4 c6 2. d4 d5 3. f3 g6 4. Nc3 Bg7 5. Be3 Na6 6. Qd2 Nc7 7. Nge2 h5 8. Nf4 e6 9. 0-0-0 Ne7 10. h4 b6 11. Be2 Bb7 12. g4 hxg4 13. fxg4 dxe4 14. h5 Qd7 15. hxg6 Nxg6 16. Nxg6 fxg6 17. Rxh8+ Bxh8 18. Bg5 c5 19. Qf4 Bxd4 20. Rf1 Qg7 21. Nb5 Bxb2+ 22. Kb1 Nd5 23. Qd6 Be5 24. Qxe6+ Ne7 25. Nd6+ Bxd6 26. Bb5+ Kd8 27. Qd7# 1-0

[Event "Australian op"]
[Site "Cammeray"]
[Date "2013.01.12"]
[Round "10"]
[White "Tan, Justin Hy"]
[Black "Chek, Adrian Carl"]
[Result "1-0"]
[WhiteElo "2239"]
[BlackElo "2081"]
[PlyCount "49"]
[EventDate "2013.01.02"]
[EventType "swiss"]
[EventRounds "11"]
[EventCountry "AUS"]
[SourceTitle "CBM 152 Extra"]
[Source "ChessBase"]
[SourceDate "2013.02.25"]
[SourceVersion "1"]
[SourceVersionDate "2013.02.25"]
[SourceQuality "1"]

1. e4 e5 2. Nf3 Nc6 3. Nc3 Nf6 4. Bb5 d6 5. 0-0 Be7 6. Re1 0-0 7. d4 Nxd4 8. Nxd4 exd4 9. Qxd4 Bd7 10. Bf1 Bc6 11. b4 a6 12. Bb2 Re8 13. Bc4 Bf8 14. a4 b6 15. Bxf7+ Kxf7 16. Qc4+ Re6 17. Qxc6 d5 18. Qb7 Rb8 19. Qxa6 Ra8 20. Qd3 d4 21. Nd5 Nxd5 22. exd5 Rxe1+ 23. Rxe1 Qxd5 24. c4 Qd6 25. Qf3+ 1-0

[Event "Australian op"]
[Site "Cammeray"]
[Date "2013.01.11"]
[Round "9"]
[White "Chek, Adrian Carl"]
[Black "Louie, Ryan"]
[Result "1-0"]
[WhiteElo "2081"]
[BlackElo "1820"]
[PlyCount "115"]
[EventDate "2013.01.02"]
[EventType "swiss"]
[EventRounds "11"]
[EventCountry "AUS"]
[SourceTitle "CBM 152 Extra"]
[Source "ChessBase"]
[SourceDate "2013.02.25"]
[SourceVersion "1"]
[SourceVersionDate "2013.02.25"]
[SourceQuality "1"]

1. c4 Nf6 2. g3 e6 3. Bg2 d5 4. Nf3 Be7 5. 0-0 0-0 6. b3 Nbd7 7. Bb2 c6 8. d4 dxc4 9. bxc4 c5 10. e3 cxd4 11. exd4 Nb6 12. Qb3 Bd7 13. a4 Bc6 14. a5 Nbd7 15. Nc3 Ne4 16. Rfe1 Nxc3 17. Bxc3 Bf6 18. Rad1 Qc7 19. d5 Nc5 20. Qa3 Bxc3 21. Qxc3 Ba4 22. d6 Qd8 23. Rd4 Nd7 24. Ne5 Nxe5 25. Rxe5 Qd7 26. Bh3 g6 27. Qe3 Rfe8 28. Ree4 f5 29. Re5 b6 30. Bf1 Rac8 31. Rd2 Rc6 32. Qa3 b5 33. cxb5 Rc2 34. Rxc2 Bxc2 35. b6 Rd8 36. Rb5 Be4 37. bxa7 Qxa7 38. a6 Qd7 39. a7 Qxd6 40. Qxd6 Rxd6 41. Rb8+ Kg7 42. a8Q Bxa8 43. Rxa8 Kf6 44. Kg2 h5 45. h4 Rd4 46. Ra6 f4 47. Kf3 fxg3 48. fxg3 Rb4 49. Rc6 Rb3+ 50. Kf4 Rb4+ 51. Bc4 Ke7 52. Rxe6+ Kf8 53. Re4 Kg7 54. Kg5 Rb2 55. Re7+ Kf8 56. Rf7+ Ke8 57. Kxg6 Rb4 58. Rf4 1-0

[Event "Australian op"]
[Site "Cammeray"]
[Date "2013.01.03"]
[Round "2"]
[White "James, Lachlan"]
[Black "Chek, Adrian Carl"]
[Result "0-1"]
[WhiteElo "1865"]
[BlackElo "2081"]
[PlyCount "152"]
[EventDate "2013.01.02"]
[EventType "swiss"]
[EventRounds "11"]
[EventCountry "AUS"]
[SourceTitle "CBM 152 Extra"]
[Source "ChessBase"]
[SourceDate "2013.02.25"]
[SourceVersion "1"]
[SourceVersionDate "2013.02.25"]
[SourceQuality "1"]

1. d4 d5 2. c4 e6 3. Nc3 c5 4. e3 Nc6 5. Nf3 Nf6 6. b3 Be7 7. cxd5 exd5 8. dxc5 Bxc5 9. Be2 0-0 10. 0-0 Re8 11. Bb2 Bg4 12. a3 a6 13. Qc2 Qe7 14. Rad1 Rad8 15. Rd2 Bxa3 16. Rfd1 Bxb2 17. Qxb2 Nb4 18. h3 Bh5 19. Qa3 Bg6 20. Rd4 Nc6 21. Qxe7 Nxe7 22. Ne5 Nf5 23. Ng4 Nxd4 24. Nxf6+ gxf6 25. Rxd4 Kg7 26. h4 h5 27. Bf3 Rd6 28. Bxd5 b5 29. b4 Rc8 30. Ne2 Rc2 31. Nf4 Rc1+ 32. Kh2 Rb1 33. e4 Kf8 34. f3 Ke7 35. Kg3 Kd7 36. Nd3 Kc7 37. Nc5 Kb6 38. Nd3 Rd8 39. Kf2 Rc8 40. Ke3 Rc2 41. f4 f5 42. exf5 Bxf5 43. Bf3 Bg6 44. f5 Bxf5 45. Ne5 Be6 46. Rd6+ Kc7 47. Rxa6 Rxb4 48. Be4 Rc3+ 49. Nd3 Bc4 50. Kd2 Rxd3+ 51. Bxd3 Bxd3 52. Kxd3 Rxh4 53. Ra7+ Kc6 54. Rxf7 Rc4 55. Rf6+ Kc5 56. Rf5+ Kb4 57. Rxh5 Rg4 58. Rh1 Rxg2 59. Rb1+ Ka4 60. Kc3 Rg3+ 61. Kd4 Rb3 62. Ra1+ Kb4 63. Ra2 Rb1 64. Rc2 Rd1+ 65. Ke3 Kb3 66. Rc8 b4 67. Ke2 Rd5 68. Ke1 Kb2 69. Rb8 b3 70. Ke2 Kc2 71. Rc8+ Kb1 72. Rb8 b2 73. Rb7 Rd6 74. Rc7 Rd4 75. Ke3 Rb4 76. Kd2 Ka2 0-1

[Event "Australian op"]
[Site "Cammeray"]
[Date "2013.01.02"]
[Round "1"]
[White "Chek, Adrian Carl"]
[Black "Vuglar, Shannon"]
[Result "1-0"]
[WhiteElo "2081"]
[BlackElo "1778"]
[PlyCount "57"]
[EventDate "2013.01.02"]
[EventType "swiss"]
[EventRounds "11"]
[EventCountry "AUS"]
[SourceTitle "CBM 152 Extra"]
[Source "ChessBase"]
[SourceDate "2013.02.25"]
[SourceVersion "1"]
[SourceVersionDate "2013.02.25"]
[SourceQuality "1"]

1. c4 Nf6 2. g3 g6 3. Bg2 Bg7 4. Nc3 0-0 5. d3 c6 6. e4 d6 7. Nge2 a5 8. 0-0 Na6 9. h3 Bd7 10. Be3 e5 11. f4 Qc8 12. Na4 Bxh3 13. Nb6 Qg4 14. Nxa8 Rxa8 15. f5 Bxg2 16. Kxg2 Nxe4 17. dxe4 Qxe4+ 18. Rf3 Qxc4 19. f6 Bf8 20. Qd2 Nc7 21. Nc3 h5 22. Rh1 d5 23. Bh6 Bxh6 24. Qxh6 Ne6 25. Rh4 e4 26. Rf5 Qd3 27. Rhxh5 gxh5 28. Rg5+ Nxg5 29. Qg7# 1-0

[Event "Canberra ANU op"]
[Site "Canberra"]
[Date "2007.07.28"]
[Round "3"]
[White "Chek, Adrian Carl"]
[Black "Ali, Mosaddeque"]
[Result "1-0"]
[WhiteElo "1994"]
[BlackElo "1798"]
[PlyCount "78"]
[EventDate "2007.07.28"]
[EventType "swiss"]
[EventRounds "7"]
[EventCountry "AUS"]
[SourceTitle "EXT 2010"]
[Source "ChessBase"]
[SourceDate "2010.11.25"]
[SourceVersion "1"]
[SourceVersionDate "2010.11.25"]
[SourceQuality "1"]

1. c4 e6 2. e4 b6 3. g3 Bb7 4. Bg2 f5 5. d3 Nf6 6. Nc3 Bb4 7. f3 0-0 8. Nge2 fxe4 9. dxe4 Ba6 10. Qa4 Qe7 11. e5 Ne8 12. a3 Bxc3+ 13. Nxc3 d5 14. cxd5 exd5 15. f4 c6 16. Nxd5 Qe6 17. Nc3 Nc7 18. Bd2 Bc4 19. Bh3 Qf7 20. 0-0-0 b5 21. Qc2 a5 22. Ne4 Bd5 23. Ng5 Qh5 24. Rhf1 b4 25. a4 Nba6 26. Bf5 g6 27. Be4 b3 28. Qc3 Nb4 29. Bxd5+ Ncxd5 30. Qxb3 Rab8 31. Qc4 Qg4 32. Ne4 Qf5 33. h3 Rf7 34. g4 Qd7 35. Ng5 Qb7 36. Bxb4 axb4 37. Nxf7 Qxf7 38. f5 Ne3 39. Qxf7+ Kxf7 1-0

[Event "Canberra ANU op"]
[Site "Canberra"]
[Date "2007.07.28"]
[Round "1"]
[White "Chek, Adrian Carl"]
[Black "Ramakrishna, Gogulapati"]
[Result "1-0"]
[WhiteElo "1994"]
[BlackElo "1595"]
[PlyCount "47"]
[EventDate "2007.07.28"]
[EventType "swiss"]
[EventRounds "7"]
[EventCountry "AUS"]
[SourceTitle "EXT 2010"]
[Source "ChessBase"]
[SourceDate "2010.11.25"]
[SourceVersion "1"]
[SourceVersionDate "2010.11.25"]
[SourceQuality "1"]

1. c4 e5 2. g3 f5 3. Bg2 Nf6 4. Nc3 Bc5 5. e3 0-0 6. Nge2 c6 7. d4 exd4 8. exd4 Bb6 9. 0-0 d6 10. Nf4 g5 11. Nh5 h6 12. d5 Ng4 13. h3 Ne5 14. b3 Bd7 15. Ba3 c5 16. Bb2 Be8 17. f4 Ng6 18. Qc2 a6 19. Rae1 Nd7 20. Na4 Bc7 21. Ng7 Ba5 22. Re6 b5 23. Nxe8 bxa4 24. Rxg6+ 1-0

[Event "Doeberl Cup 39th"]
[Site "Canberra"]
[Date "2001.04.14"]
[Round "3.4"]
[White "Reilly, Tim"]
[Black "Chek, Adrian Carl"]
[Result "1-0"]
[WhiteElo "2323"]
[BlackElo "2037"]
[PlyCount "149"]
[EventDate "2001.04.13"]
[EventType "swiss"]
[EventRounds "7"]
[EventCountry "AUS"]
[SourceTitle "CBM 082 Extra"]
[Source "ChessBase"]
[SourceDate "2001.07.03"]
[SourceVersion "1"]
[SourceVersionDate "2001.07.03"]
[SourceQuality "1"]

1. d4 e6 2. c4 f5 3. Nc3 d5 4. Nf3 Nf6 5. Bf4 Be7 6. h3 c6 7. e3 Nbd7 8. Bd3 Ne4 9. Qc2 Qa5 10. 0-0 0-0 11. Ne5 Nxe5 12. Bxe5 Bd6 13. Bxd6 Nxd6 14. c5 Ne4 15. Ne2 Qc7 16. f3 Ng3 17. Nxg3 Qxg3 18. Qf2 Qg5 19. f4 Qe7 20. b4 Bd7 21. a4 g5 22. fxg5 Qxg5 23. Qf4 Qxf4 24. exf4 Rf7 25. Kf2 Rg7 26. Kf3 h5 27. h4 Kh7 28. Kf2 Rag8 29. Rg1 Rg4 30. g3 R4g7 31. Be2 Kh6 32. Ra3 Rb8 33. Rb1 Ra8 34. b5 Rc8 35. Rab3 Re8 36. bxc6 Bxc6 37. Bb5 Reg8 38. Bxc6 bxc6 39. a5 Kg6 40. a6 Kf6 41. Re3 Re8 42. Reb3 Reg8 43. Re1 Re8 44. Ree3 Reg8 45. Rb4 Re8 46. Reb3 Reg8 47. Rb7 Kg6 48. Rxg7+ Rxg7 49. Rb8 Rc7 50. Rh8 Kg7 51. Rb8 Kf6 52. Ke3 Kg6 53. Rh8 Kg7 54. Rxh5 Rc8 55. g4 fxg4 56. f5 exf5 57. Rg5+ Kh6 58. Rxf5 Rg8 59. Kf2 g3+ 60. Kg2 Rg7 61. Rf6+ Kh5 62. Rxc6 Kxh4 63. Rf6 Re7 64. Rf4+ Kg5 65. Kxg3 Re3+ 66. Rf3 Re4 67. Rf7 Rxd4 68. Rxa7 Ra4 69. c6 Rc4 70. c7 d4 71. Kf3 Kf5 72. Rb7 Rc3+ 73. Ke2 Ke4 74. a7 d3+ 75. Kd1 1-0

[Event "Doeberl Cup 39th"]
[Site "Canberra"]
[Date "2001.04.13"]
[Round "1.21"]
[White "Stojic, Dusan"]
[Black "Chek, Adrian Carl"]
[Result "0-1"]
[WhiteElo "1583"]
[BlackElo "2037"]
[PlyCount "62"]
[EventDate "2001.04.13"]
[EventType "swiss"]
[EventRounds "7"]
[EventCountry "AUS"]
[SourceTitle "CBM 082 Extra"]
[Source "ChessBase"]
[SourceDate "2001.07.03"]
[SourceVersion "1"]
[SourceVersionDate "2001.07.03"]
[SourceQuality "1"]

1. e4 c6 2. d4 d5 3. Nc3 dxe4 4. Nxe4 Nf6 5. Nxf6+ gxf6 6. Bc4 Bf5 7. Nf3 e6 8. 0-0 Qc7 9. Re1 Bd6 10. h3 Nd7 11. c3 0-0-0 12. b4 Rhg8 13. Kh1 Rg7 14. Bh6 Rg6 15. Be3 Be4 16. Nh4 Rgg8 17. a4 f5 18. b5 c5 19. a5 Qb8 20. d5 Ne5 21. Ba2 Be7 22. Nf3 Nxf3 23. gxf3 Bxd5 24. Qe2 Qe5 25. Bxd5 Rxd5 26. Qc2 Qf6 27. c4 Qh4 28. Kh2 Bd6+ 29. f4 Bxf4+ 30. Bxf4 Qxf4+ 31. Kh1 Qf3+ 0-1

[Event "Doeberl Cup 37th"]
[Site "Canberra"]
[Date "1999.04.04"]
[Round "4"]
[White "Chek, Adrian Carl"]
[Black "Allen, Andrew"]
[Result "0-1"]
[WhiteElo "2165"]
[BlackElo "2261"]
[PlyCount "110"]
[EventDate "1999.04.02"]
[EventType "swiss"]
[EventRounds "7"]
[EventCountry "AUS"]
[SourceTitle "CBM 069 Extra"]
[Source "ChessBase"]
[SourceDate "1999.05.10"]
[SourceVersion "1"]
[SourceVersionDate "1999.05.10"]
[SourceQuality "1"]

1. e4 c5 2. Nf3 e6 3. d4 cxd4 4. Nxd4 Nf6 5. Nc3 d6 6. Bd3 Nc6 7. Be3 Be7 8. 0-0 0-0 9. f4 Qc7 10. Qf3 Nxd4 11. Bxd4 e5 12. Be3 exf4 13. Qxf4 Be6 14. Rad1 a6 15. Nd5 Bxd5 16. exd5 Qd8 17. Bd4 Ne8 18. Rf3 Bg5 19. Qe4 g6 20. Rdf1 Ng7 21. Bf6 Bxf6 22. Rxf6 Nh5 23. R6f2 Qb6 24. g4 Rae8 25. Qg2 Nf4 26. Qf3 g5 27. Be4 Re5 28. Kh1 Rfe8 29. Bf5 Qxb2 30. c4 Re2 31. Bd3 Rxf2 32. Rxf2 Qc1+ 33. Rf1 Qd2 34. Be4 Qd4 35. Re1 Qxc4 36. h4 h6 37. hxg5 hxg5 38. Bh7+ Kf8 39. Rxe8+ Kxe8 40. Qe4+ Qxe4+ 41. Bxe4 Ke7 42. Bf5 b6 43. Bc8 a5 44. Bb7 Kf6 45. Bc6 Ke5 46. Be8 f6 47. Kg1 Nxd5 48. Kf2 Kd4 49. a4 Nf4 50. Bd7 d5 51. Bb5 Kc3 52. Ke1 d4 53. Kd1 d3 54. Bc6 Ng6 55. Be4 Ne5 0-1